Loading...
| Auditory Arts | 6 | 8.33 | 67% | 17% | 0% |
| Beliefs | 9 | 15.56 | 100% | 44% | 11% |
| Current Events | 6 | 16.67 | 100% | 50% | 17% |
| Fine Arts - Other Arts | 4 | 15.00 | 75% | 75% | 0% |
| Geography | 2 | 15.00 | 100% | 50% | 0% |
| History - American History | 5 | 16.00 | 100% | 60% | 0% |
| History - Ancient History | 3 | 23.33 | 100% | 100% | 33% |
| History - European History | 4 | 20.00 | 100% | 100% | 0% |
| History - Other History | 2 | 15.00 | 100% | 50% | 0% |
| History - World History | 5 | 16.00 | 100% | 20% | 40% |
| Literature - American Literature | 7 | 21.43 | 100% | 86% | 29% |
| Literature - British Literature | 7 | 15.71 | 100% | 43% | 14% |
| Literature - European Literature | 4 | 20.00 | 100% | 75% | 25% |
| Literature - World Literature | 7 | 21.43 | 100% | 71% | 43% |
| Other Academic | 1 | 20.00 | 100% | 100% | 0% |
| Philosophy | 5 | 12.00 | 40% | 60% | 20% |
| Science - Biology | 5 | 14.00 | 100% | 20% | 20% |
| Science - Chemistry | 6 | 16.67 | 100% | 50% | 17% |
| Science - Other Science | 6 | 13.33 | 83% | 50% | 0% |
| Science - Physics | 6 | 16.67 | 100% | 67% | 0% |
| Social Science | 9 | 15.56 | 89% | 67% | 0% |
| Visual Arts | 6 | 16.67 | 100% | 50% | 17% |